Statistieken voor Hoofdsteden per Letter - L

Klik hier om de quiz te nemen!

Algemene statistieken

  • Deze quiz is 461 keer genomen
  • De gemiddelde score is 7 van 11

Antwoordstatistieken

LandHoofdstad% Correct
PeruLima
84%
PortugalLissabon
81%
Verenigd KoninkrijkLonden
81%
SloveniëLjubljana
75%
LuxemburgLuxemburg
75%
BoliviaLa Paz
66%
AngolaLuanda
66%
ZambiaLusaka
57%
TogoLomé
53%
MalawiLilongwe
50%
GabonLibreville
49%

Scoreverdeling

Percentiel versus Aantal Correcte Antwoorden

Procent van Mensen met Elke Score

Uw Scoregeschiedenis

U heeft deze quiz nog niet genomen